| 000 | 01004nas a2200289 4500 | ||
|---|---|---|---|
| 001 | BR8100434 | ||
| 003 | BR-BrBNA | ||
| 005 | 20231205084511.0 | ||
| 007 | ta | ||
| 008 | 230509b bl.|||p| |||| 00| 00por d | ||
| 040 |
_aBR-BrBNA _bpor _cBiblioteca Nacional de Agricultura |
||
| 041 | _a(Pt) | ||
| 072 | _aH20 | ||
| 100 | 1 | _aAvila, A.C. de | |
| 100 | 1 | _aLin, M.T. | |
| 100 | 1 | _aKitajima, E.W. | |
| 100 | 1 | _aCupertino, F.P. | |
| 100 | 1 | _aCosta, C.L. | |
| 245 | 1 | _aCaracterizacao de um isolado do virus do mosaico do nabo obtido de couve - manteiga (Brassica oleracea var. acephala DC.)Without symptoms | |
| 246 | 1 | _aCharacterization of an isolate of turnip mosaic virus obtained from Brassica oleracea var. acephala DC.)Without symptoms | |
| 650 | _aDoenca de planta | ||
| 650 | _aCouve | ||
| 650 | _aMosaico | ||
| 773 | 0 |
_tFitopatologia Brasileira (Brazil) _xISSN 0100-4158 _g(Oct 1980), v. 5(3) p. 311-328 _wBR8100434 |
|
| 909 |
_a202311 _bLúcia _c55 _dLúcia Elande |
||
| 942 |
_2AGRIS _n0 _cANA |
||
| 999 |
_c105599 _d105599 |
||